000 00510nam a2200169 i 4500
001 bg
245 0 0 _aKodeks karny :
_bustawa z dnia 19 kwietnia 1969 r. : krótki komentarz praktyczny /
_cJanusz Wojciechowski.
250 _aStan prawny na dzień 28 luty 1993 r.
260 _aSkierniewice :
_b"Dorfin",
_c1993.
300 _a364 s. ;
_c21 cm.
700 1 _aWOJCIECHOWSKI, Janusz
040 _cBPK
041 _apol
080 _a343(438)(094.4)
942 _cKS
008 s pl f |000 0 pol
999 _c29884
_d29884
856 _uhttp://koha.tu.koszalin.pl/cgi-bin/koha/opac-detail.pl?biblionumber=29884
_yKatalog online BPK